Lake Balaton Quiz - Statistics

General Stats
  • This quiz has been taken 72 times
    70 since last reset
  • The average score is 9 of 16
Answer Stats
Hint Answer % Correct
Country, where Central Europe's largest lake is located Hungary
100%
Canalised river, the only outflow of the lake Sió
73%
The lake's party capital on the southern shore Siófok
73%
The only peninsula in the lake, famous for its unique natural formations Tihany
71%
Badacsony mountain is the symbol and central of the region, which produces this beverage Wine
71%
Home of the world's second-largest thermal lake, only 5 miles away from Balaton Hévíz
66%
The ancient roman name of the same region (Hint: a nickname for the whole country) Pannonia
66%
One of Europe's largest open air electronic music festivals, held in Zamárdi Balaton Sound
64%
The lake's wealthy and sophisticated capital on the northern shore Balatonfüred
59%
People from this divided nation gathered near the lake for three decades during the Cold War Germany
52%
Huge wetland habitat, swampy natural reserve near the lake Small Balaton
45%
Europe's biggest lacustrine sailing competition (Hint: cheese-filled meat dish) Kékszalag (Blue Ribbon)
43%
Name of the greater region, where the lake is located (Hint: "across the river") Transdanubia
41%
...and also to this italian region Tuscany
41%
The north shore is often compared to this french region Provence
30%
Meaning of its name in slavic, referring to the depth of the lake Mud or Swamp
16%
No matching quizzes found
Score Distribution
Percent of People with Each Score
Percentile by Number Answered
Your Score History
You have not taken this quiz since the last reset